Pravoslavnaja cerkov' v Pol'še i Litve
| Subtitles: | Pravoslavnai︠a︡ t︠s︡erkovʹ v Polʹshe i Litve (po Volumina Legum) |
|---|---|
| Main Author: | |
| Format: | Print Book |
| Language: | Russian |
| Subito Delivery Service: | Order now. |
| Check availability: | HBZ Gateway |
| WorldCat: | WorldCat |
| Interlibrary Loan: | Interlibrary Loan for the Fachinformationsdienste (Specialized Information Services in Germany) |
| Published: |
Minsk
Luči Sofii
2002
|
| In: | Year: 2002 |
| Standardized Subjects / Keyword chains: | B
Poles
/ Orthodox Church
/ History 1300-1790
B Lithuania / Orthodox Church / History 1300-1790 B Lithuania / Poles / Orthodox Church / History 1385-1791 |
| Further subjects: | B
Lithuania Church history
B Orthodox Eastern Church History Lithuania B Orthodox Eastern Church History Poland B Poland Church history B Literature report |
MARC
| LEADER | 00000cam a2200000 c 4500 | ||
|---|---|---|---|
| 001 | 1604916699 | ||
| 003 | DE-627 | ||
| 005 | 20251225192143.0 | ||
| 007 | tu | ||
| 008 | 070416s2002 bw ||||| n 00| ||rus c | ||
| 020 | |a 9856171474 |9 985-6171-47-4 | ||
| 035 | |a (DE-627)1604916699 | ||
| 035 | |a (DE-576)263690547 | ||
| 035 | |a (DE-599)BSZ263690547 | ||
| 035 | |a (OCoLC)163199059 | ||
| 040 | |a DE-627 |b ger |c DE-627 |e rakwb | ||
| 041 | |a rus | ||
| 044 | |c XA-BY | ||
| 050 | 0 | |a BX750.P6 | |
| 082 | 0 | |a 200.9 |q DE-604 |2 22/ger | |
| 084 | |a 1 |2 ssgn | ||
| 084 | |a 15.73 |2 bkl | ||
| 084 | |a 15.72 |2 bkl | ||
| 084 | |a 15.30 |2 bkl | ||
| 084 | |a 11.50 |2 bkl | ||
| 100 | 1 | |0 (DE-588)1056154500 |0 (DE-627)794443826 |0 (DE-576)41273799X |4 aut |a Bidnov, Vasylʹ Oleksijovyč |d 1874-1935 | |
| 109 | |a Bidnov, Vasylʹ Oleksijovyč 1874-1935 |a Bednov, V. A. 1874-1935 |a Poperešnij, V. 1874-1935 |a Bednov, Vasilij A. 1874-1935 |a Bednov, Vasiliĭ Alekseevich 1874-1935 |a Šyročansʹkyj, V. 1874-1935 |a Bednov, Vasilij Alekseevič 1874-1935 |a Bidnov, Vasylʹ 1874-1935 |a Stepovyj, V. 1874-1935 | ||
| 245 | 1 | 0 | |a Pravoslavnaja cerkov' v Pol'še i Litve |
| 246 | 3 | 3 | |a Pravoslavnai︠a︡ t︠s︡erkovʹ v Polʹshe i Litve (po Volumina Legum) |
| 264 | 1 | |a Minsk |b Luči Sofii |c 2002 | |
| 300 | |a 430 S. | ||
| 336 | |a Text |b txt |2 rdacontent | ||
| 337 | |a ohne Hilfsmittel zu benutzen |b n |2 rdamedia | ||
| 338 | |a Band |b nc |2 rdacarrier | ||
| 500 | |a In kyrill. Schr., russ | ||
| 583 | 1 | |a Archivierung prüfen |c 20200919 |f DE-640 |z 1 |2 pdager | |
| 583 | 1 | |a Archivierung prüfen |c 20240324 |f DE-4165 |z 1 |2 pdager | |
| 653 | 0 | |a Orthodox Eastern Church |a History |a Poland | |
| 653 | 0 | |a Orthodox Eastern Church |a History |a Lithuania | |
| 653 | 0 | |a Poland |a Church history | |
| 653 | 0 | |a Lithuania |a Church history | |
| 655 | 7 | |a Literaturbericht |0 (DE-588)4167870-9 |0 (DE-627)104712805 |0 (DE-576)209911700 |2 gnd-content | |
| 689 | 0 | 0 | |d g |0 (DE-588)4046496-9 |0 (DE-627)106197762 |0 (DE-576)209069872 |2 gnd |a Polen |
| 689 | 0 | 1 | |d s |0 (DE-588)4043912-4 |0 (DE-627)10469713X |0 (DE-576)209057858 |2 gnd |a Orthodoxe Kirche |
| 689 | 0 | 2 | |q z |2 gnd |a Geschichte 1300-1790 |
| 689 | 0 | |5 DE-101 | |
| 689 | 1 | 0 | |d g |0 (DE-588)4074266-0 |0 (DE-627)104400552 |0 (DE-576)20919314X |2 gnd |a Litauen |
| 689 | 1 | 1 | |d s |0 (DE-588)4043912-4 |0 (DE-627)10469713X |0 (DE-576)209057858 |2 gnd |a Orthodoxe Kirche |
| 689 | 1 | 2 | |q z |2 gnd |a Geschichte 1300-1790 |
| 689 | 1 | |5 DE-101 | |
| 689 | 2 | 0 | |d g |0 (DE-588)4074266-0 |0 (DE-627)104400552 |0 (DE-576)20919314X |2 gnd |a Litauen |
| 689 | 2 | 1 | |d g |0 (DE-588)4046496-9 |0 (DE-627)106197762 |0 (DE-576)209069872 |2 gnd |a Polen |
| 689 | 2 | 2 | |d s |0 (DE-588)4043912-4 |0 (DE-627)10469713X |0 (DE-576)209057858 |2 gnd |a Orthodoxe Kirche |
| 689 | 2 | 3 | |q z |2 gnd |a Geschichte 1385-1791 |
| 689 | 2 | |5 (DE-627) | |
| 889 | |w (DE-627)370586883 | ||
| 935 | |a mteo | ||
| 935 | |i mdedup | ||
| 936 | b | k | |a 15.73 |j Baltische Republiken |x Geschichte |0 (DE-627)181571439 |
| 936 | b | k | |a 15.72 |j Polen |x Geschichte |0 (DE-627)181570343 |
| 936 | b | k | |a 15.30 |j Europäische Geschichte in Mittelalter und Neuzeit: Allgemeines |0 (DE-627)181571544 |
| 936 | b | k | |a 11.50 |j Kirchengeschichte |j Dogmengeschichte |0 (DE-627)106403877 |
| 951 | |a BO | ||
| ELC | |b 1 | ||
| LOK | |0 000 xxxxxcx a22 zn 4500 | ||
| LOK | |0 001 372300363X | ||
| LOK | |0 003 DE-627 | ||
| LOK | |0 004 1604916699 | ||
| LOK | |0 005 20200710090342 | ||
| LOK | |0 008 200710||||||||||||||||ger||||||| | ||
| LOK | |0 035 |a (DE-Tue135)BVBBV017490888 | ||
| LOK | |0 040 |a DE-Tue135 |c DE-627 |d DE-Tue135 | ||
| LOK | |0 092 |o n | ||
| LOK | |0 852 |a DE-Tue135 | ||
| LOK | |0 852 1 |9 00 | ||
| LOK | |0 935 |a bsbo | ||
| LOK | |0 939 |a 10-07-20 |b l01 | ||
| ORI | |a SA-MARC-ixtheoa001.raw | ||
| REL | |a 1 | ||
| STA | 0 | 0 | |a Lithuania,Orthodox Church,Poles,Poland,Polish people |
| STB | 0 | 0 | |a Polonais,Église orthodoxe |
| STC | 0 | 0 | |a Iglesia ortodoxa,Polacos |
| STD | 0 | 0 | |a Chiesa ortodossa,Polacchi |
| STE | 0 | 0 | |a 正教会,东正教,东正教会,波兰 |
| STF | 0 | 0 | |a 正教會,東正教,東正教會,波蘭 |
| STG | 0 | 0 | |a Igreja ortodoxa,Poloneses |
| STH | 0 | 0 | |a Поляки (народ),Православная церковь |
| STI | 0 | 0 | |a Ορθόδοξη Εκκλησία,Πολωνοί |
| SUB | |a REL | ||
| SYG | 0 | 0 | |a Polen,Polen,Poland , Generalgouvernement Polen,Polska,Rzeczpospolita Polska,Polska Rzeczpospolita Ludowa,Poland,Pologne,République Polonaise,Generalne Gubernatorstwo w Polsce,Polish People's Republic,Polska Rzeczpospolita,PRL,RP,Polen,Polska,Besetzte Polnische Gebiete,Besetztes Gebiet in Polen,Okupowane Polskie Obszary,Obszary Okupowane w Polsce,Volksrepublik Polen,Polska Rosyjska,Republic Polen,Respublika Pol'ša,Pol'skaja Narodnaja Respublika,République de Pologne,Polen Links der Weichsel,Polska po Lewej Stronie Wisły,Lenkija,Polija,Gubernija Carstva Pol'skago,Republik Polen , Eglise arménienne,Armenian church,Eastern Orthodox Church,Armenische Kirche,Christian-Orthodox Church,Orthodox Church,Russian Orthodox Church,Christlich-orthodoxe Kirche,Eglise orthodoxe,Ostkirche,Greek Orthodoc Church,Orthodoxie,Orthodoxos Katholikē Ekklēsia,Orthodoxos Katholikē kai Anatolikē Ekklēsia , Lithuania,Lietuvos Respublika,République Lithuanienne,Lithuanie,Litva,Litovskaja Respublika,Lithuania,Republik Litauen,Republic of Lithuania,Lithuanian Republic,Litauische Republik,Lietuva,Litwa , Eglise arménienne,Armenian church,Eastern Orthodox Church,Armenische Kirche,Christian-Orthodox Church,Orthodox Church,Russian Orthodox Church,Christlich-orthodoxe Kirche,Eglise orthodoxe,Ostkirche,Greek Orthodoc Church,Orthodoxie,Orthodoxos Katholikē Ekklēsia,Orthodoxos Katholikē kai Anatolikē Ekklēsia , Lithuania,Lietuvos Respublika,République Lithuanienne,Lithuanie,Litva,Litovskaja Respublika,Lithuania,Republik Litauen,Republic of Lithuania,Lithuanian Republic,Litauische Republik,Lietuva,Litwa , Polen,Polen,Poland , Generalgouvernement Polen,Polska,Rzeczpospolita Polska,Polska Rzeczpospolita Ludowa,Poland,Pologne,République Polonaise,Generalne Gubernatorstwo w Polsce,Polish People's Republic,Polska Rzeczpospolita,PRL,RP,Polen,Polska,Besetzte Polnische Gebiete,Besetztes Gebiet in Polen,Okupowane Polskie Obszary,Obszary Okupowane w Polsce,Volksrepublik Polen,Polska Rosyjska,Republic Polen,Respublika Pol'ša,Pol'skaja Narodnaja Respublika,République de Pologne,Polen Links der Weichsel,Polska po Lewej Stronie Wisły,Lenkija,Polija,Gubernija Carstva Pol'skago,Republik Polen , Eglise arménienne,Armenian church,Eastern Orthodox Church,Armenische Kirche,Christian-Orthodox Church,Orthodox Church,Russian Orthodox Church,Christlich-orthodoxe Kirche,Eglise orthodoxe,Ostkirche,Greek Orthodoc Church,Orthodoxie,Orthodoxos Katholikē Ekklēsia,Orthodoxos Katholikē kai Anatolikē Ekklēsia |
| TIM | |a 100013000101_100017901231 |b Geschichte 1300-1790 | ||



